[Event "Chigorin mem"]
[Site ""]
[Date "1999.11.09"]
[Round "8"]
[White "Stjazhkina Olga"]
[Black "Polovodin Igor A"]
[Result "1-0"]
[WhiteElo "2343"]
[BlackElo "2463"]
[Annotator "Donev"]
[Source "CBM 074"]
[Remark ""]

1.e4 c5 2.Nc3 Nc6 3.g3 g6 4.Bg2 Bg7 5.d3 d6 6.f4 e6 7.Nf3 Nge7
8.O-O O-O 9.Be3 Nd4 10.e5 {!} {
 Im Jahre 1989 habe ich zum ersten Mal diese Fortsetzung gegen Loginov benützt.
Damals war das eine ganz neue Idee. In den letzten 10 Jahren ist die
Fortsetzung 10.e5 zur Hauptvariante geworden. Die Idee des letzten weißen Zuges
ist logisch: Zum einen wird der Bg7 vorläufig gesperrt, zum anderen wird der
eigene Läufer g2 geöffnet und das Feld e4 für den Nc3 freigemacht.}
{%15LI(c3:e4) LI(g2:b7)} Nef5 11.Bf2 Nxf3+ 12.Qxf3 Nd4 13.Qd1
dxe5 14.fxe5 Bxe5 15.Ne4 f5 16.Nxc5 Qc7 17.b4 f4 18.c3 {!?}
( 18.gxf4 {%05Der Hauptvariante hier ist:} Rxf4 {=} ) Nf5 {Bis jetzt war alles nackte Theorie. Jetzt versucht der Nachziehende das schwarze Spiel zu verstärken.}
( 18...Nb5 {%05In den anderen zwei Fortsetzungen bekommt der Anziehende Vorteil:}
19.d4 fxg3 20.hxg3 Bg7 21.Qd3 Nd6 22.Rae1 $16 {½-½ Novitzkij,D-Korzubov,P/Minsk 1998/CBM 64 ext (61)}
) ( 18...f3 {?!} 19.Bxd4 Bxd4+ 20.cxd4 fxg2 21.Rxf8+ Kxf8 22.Qf3+
Kg8 23.Qxg2 a5 24.b5 Ra7 25.Qe4 Qd6 26.b6 Qxb6 27.Qe5 Qd8 28.Ne4
b6 29.Nf6+ Kh8 30.Rf1 Rg7 31.d5 Ba6 32.Nd7 {1-0 Biehler,T-Koch,J/Groningen 1986/EXT 97 (32)}
) 19.g4 f3 ( 19...Ne3 20.Bxe3 fxe3 21.Rxf8+ Kxf8 22.Qf3+ Kg8
23.Rf1 $16 ) 20.Bxf3 Bxh2+ 21.Kg2 Ng7 22.Rh1 Bf4 23.d4 Bd7 24.Nxd7
( 24.Bxb7 Bc6+ 25.Bxc6 Qxc6+ 26.Kg1 $16 {Der Nachziehende hat nicht genug Kompensation für den Bauernnachteil.}
) Qxd7 25.Qd3 e5 {?} {
 Schwarz versucht sich von dem schwachen e6-Bauern zu befreien. Dieser Zug hat
aber ein Nachteil - die Schwächung der Diagonale a2-g8.}
( 25...Rf7 {%03'better is'} 26.Rh3 Raf8 27.Rah1 Ne8 $14 {'with the idea'Nf6 oder Nd6}
) 26.Qc4+ {!$16} Ne6 27.dxe5 Bxe5 28.Bd5 Kg7 {?} {%30^009} {%30^011}
{Nach diesem Fehler ist die schwarze Stellung kaum zu retten.}
( 28...Rae8 {%03'better is'} {War notwendig!} ) 29.Bxe6 Rxf2+
30.Kxf2 Qd2+ 31.Qe2 Rf8+ 32.Bf5 {!$18} Qxc3 33.Rae1 Qg3+
( 33...Bg3+ 34.Kg2 Bxe1 35.Qe7+ Rf7 36.Rxh7+ {!} Kxh7 37.Qxf7+
Qg7 ( 37...Kh8 38.Be6 {!} Qg7 39.Qf4 {%15LI(f4:h2) LI(f4:b8)}
$18 ) 38.Bxg6+ Kh8 39.Qe8+ Qg8 40.Qxe1 Qxg6 41.Qe5+ $18 ) 34.Kf1
Bd6 35.Qe4 ( 35.Qe4 gxf5 36.Qxb7+ Bc7 37.Re7+ Kg6 ( 37...Rf7
38.Rxf7+ Kxf7 39.Qxc7+ {!} Qxc7 40.Rxh7+ $18 ) 38.Qc6+ Bd6 39.Re6+
Rf6 40.Rxf6+ Kxf6 41.Rh6+ Kg7 42.Rxd6 ) 1-0

[Event "Kharkov Rector Cup 3rd"]
[Site ""]
[Date "2001.04.21"]
[Round "5"]
[White "Turov Maxim"]
[Black "Ponomariov Ruslan"]
[Result "1/2-1/2"]
[WhiteElo "2553"]
[BlackElo "2673"]
[Annotator "Gershon"]
[Source "CBM 083"]
[Remark ""]

1.e4 c5 2.Nf3 Nc6 3.Bb5 g6 4.O-O Bg7 5.Bxc6 bxc6 6.Re1 Nh6 7.c3
O-O 8.d4 cxd4 9.cxd4 f6 10.Nc3 d6 11.h3 Nf7 12.b3 {
 The key position of this line: white has more space, and the 'c6' pawn as a
target, which are, to my opinion, fully compensated, by the potential of black
pieces (the B's are just waiting for their time)} Bd7
( 12...Qa5 13.Bb2 Rb8 14.Qc2 Re8 15.Ne2 Bd7 16.Bc3 Qb5 17.Rad1
Rbc8 18.a4 Qb7 19.Nd2 e5 20.Nc1 exd4 21.Bxd4 {1-0 Brodsky,M-Sandner,G/Pardubice 2000/EXT 2001 (36)}
) ( 12...f5 13.e5 dxe5 14.dxe5 Qxd1 15.Nxd1 c5 16.Bb2 Bb7 17.e6
Nd8 18.Bxg7 Kxg7 19.Ne5 Rf6 20.Nc3 Rxe6 21.Na4 Rc8 22.Rac1 Nf7
23.Nd3 Rxe1+ 24.Rxe1 c4 25.bxc4 Rxc4 26.Rxe7 Rxa4 {½-½ Lobron,E-Yakovich,Y/Saint Vincent 2000/CBM 78 (26)}
) 13.Bb2 Re8 {the more flexible move, keeping both options: Qa5 and Qb6}
( 13...Qa5 14.Nd2 Qa6 15.Nc4 Rfe8 16.Qc2 Rac8 17.Rad1 Qb7 18.Ba1
Bh8 19.Ne3 Bg7 20.f4 e6 21.e5 {½-½ Spraggett,K-Ross,D/Brantford 1999/EXT 2000 (21)}
) ( 13...Qb6 14.Rc1 Rad8 15.Qc2 e5 16.Red1 Rfe8 17.Na4 Qa6 18.Nd2
Bh6 19.Rb1 Qe2 {?!} 20.Nc3 Qh5 21.Nf1 $14 {1-0 Rublevsky,S-Iskusnyh,S/Maikop 1998/CBM 66 (34)}
) 14.Qc2 Qa5 15.Rad1 Qh5 {?!} ( 15...Rac8 {%03'better is'} )
16.Ne2 {Bxb3 was threatenning} g5 ( 16...Bxh3 {??} 17.Nf4 $18 )
17.e5 {?!} {Any opening of position will favor black, unless white achieves something concrete.}
( 17.Ng3 Qg6 18.Nf5 $14 {%02'greater board room'} ) Qg6 {The Q is clearly missplaced on h5}
{!} 18.Qxg6 hxg6 19.Ng3 Be6 {%15LD(e6:d5)} {One of the drawbacks of e4-e5: black pieces get space to manoeuvre}
( 19...fxe5 {?} 20.dxe5 {%15LD(d1:d8)} Be6 21.Ne4 {%15A(g5) A(g6)}
$16 ) ( 19...dxe5 20.dxe5 {%15A(c6)} Be6 21.Ne4 {%15LD(e4:c5)}
$16 ) 20.exf6 exf6 21.Ne4 Bd5 22.Nfd2 f5 ( 22...Re6 23.Nc3 Rae8
24.Rxe6 Bxe6 25.d5 {!} cxd5 26.Nf3 f5 27.Nd4 {=} ) 23.Nc3 Bxd4
( 23...Be6 {?!} 24.Nc4 {%15LD(d4:d5)} d5 {?} ( 24...Bxc4 25.Rxe8+
Rxe8 26.bxc4 c5 27.dxc5 dxc5 28.Na4 Bxb2 29.Nxb2 Re2 30.Nd3 {=} )
25.Na5 Rac8 26.Na4 $16 ) 24.Nxd5 Bxb2 25.Ne7+ ( 25.Nc7 {?} Rxe1+
26.Rxe1 Rc8 27.Re7 Bf6 $19 ) Kg7 ( 25...Kf8 {?} 26.Nxg6+ Kg7
27.Ne7 Kf6 28.Nxc6 Rxe1+ 29.Rxe1 Bc3 30.Re2 $16 ) 26.Nc4 Bc3
27.Re3 d5 ( 27...Bb4 28.Nxc6 Rxe3 29.Nxe3 Bc5 30.Nd5 $14 ) 28.Nxc6
dxc4 {white could have tried to press some more, although, objectively speaking it sould be a draw.}
( 28...dxc4 29.Rxc3 cxb3 30.axb3 $14 ) ( 28...Rxe3 29.Nxe3 $16 ) 1/2-1/2

[Event "CZE-chT 9495"]
[Site ""]
[Date "1995.??.??"]
[Round "7"]
[White "Velicka Petr"]
[Black "Vokac Marek"]
[Result "0-1"]
[WhiteElo "2425"]
[BlackElo "2475"]
[Annotator ""]
[Source "EXT 1997"]
[Remark ""]

1.e4 c5 2.Nf3 Nc6 3.Bb5 d6 4.Bxc6+ bxc6 5.O-O g6 6.Re1 f6 7.c3
Nh6 8.d4 cxd4 9.cxd4 Bg7 10.Nc3 O-O 11.h3 Nf7 12.b3 Qa5 13.Bb2
Rb8 14.Rc1 Bd7 15.Qe2 Rb7 16.Na4 Nd8 17.Bc3 Qh5 18.Nb2 Ne6 19.Nd3
Qb5 20.Qe3 f5 21.e5 f4 22.Qe2 Nc7 23.Nb2 Nd5 24.Bd2 Bf5 25.Qc4
Rb6 26.exd6 exd6 27.Bxf4 Qxc4 28.Nxc4 Nxf4 29.Nxb6 axb6 30.Rxc6
d5 31.Ne5 b5 32.Rb6 Nd3 33.Re2 Nxe5 34.dxe5 d4 35.Rxb5 Bd3 36.Rd2
Bxb5 37.Rxd4 Rc8 38.f4 Bf8 39.Kh2 Rc2 40.h4 Bc6 41.Rc4 Rxg2+
42.Kh3 Bd5 43.Rd4 Bb7 0-1

[Event "CZE-chT 0001"]
[Site ""]
[Date "2000.12.17"]
[Round "3"]
[White "Movsesian Sergei"]
[Black "Babula Vlastimil"]
[Result "1-0"]
[WhiteElo "2666"]
[BlackElo "2582"]
[Annotator ""]
[Source "EXT 2002"]
[Remark ""]

1.e4 c5 2.Nc3 Nc6 3.Bb5 g6 4.Bxc6 dxc6 5.d3 Bg7 6.Be3 b6 7.Qd2
Nf6 8.Bh6 Bxh6 9.Qxh6 e5 10.h3 Qe7 11.f4 exf4 12.Qxf4 Nd5 13.Qd2
Qh4+ 14.Kf1 Qf6+ 15.Nf3 Nxc3 16.bxc3 Rg8 17.Kg1 g5 18.Rf1 Qe7
19.Qf2 Be6 20.h4 g4 21.Ng5 g3 22.Qf4 O-O-O 23.Nxh7 c4 24.d4 Rg4
25.Qf6 Qa3 26.Qf3 Qxa2 27.Nf6 Rg7 28.h5 Qxc2 29.d5 Qd2 30.dxe6
fxe6 31.Rh4 Rd3 32.Qf4 Qxc3 1-0

[Event "CZE chT 2007/2008"]
[Site ""]
[Date "2007.11.18"]
[Round "2.1"]
[White "Laznicka Viktor"]
[Black "Wojtaszek Radoslaw"]
[Result "0-1"]
[WhiteElo "2610"]
[BlackElo "2635"]
[Annotator "Vokac,Marek"]
[Source "Bulletin"]
[Remark ""]

1.e4 c5 2.Nf3 d6 3.Bb5+ Bd7 4.Bxd7+ Qxd7 5.c4 Nf6 6.Nc3 g6 7.d4
cxd4 8.Nxd4 Bg7 9.f3 O-O 10.Be3 Rc8 11.b3 a6 12.a4 {?!} {Hledat vhodnìjší poøadí tahù je asi mozno jen zde. Buï}
( 12.O-O b5 13.Nd5 Qb7 {=} {nebo spíše} ) ( 12.Rc1 {!?} b5 {%03'with the idea'}
13.cxb5 e5 14.Nde2 axb5 $13 {Provìøit je mozno i výpad} )
( 12.Nd5 Nxd5 13.cxd5 {namíøený proti jezdci b8.} ) e6 13.Nde2
{Alchymii úvodních tahù smìøuje k prùlomu d6-d5, který visí ve vzduchu.
Pozornost si zaslouzí fakt, ze èerný dlouho zadrzel vývin jezdce b8 a hrozbou
postupu b5 nutil bílého rychle pøijmout zásadní opatøení na dámském køídle. To vedlo k oslabení pole b4.}
Nc6 14.O-O {'passed pawn'} d5 {!} {
Bílý se ani nerozkoukal a je tu klíèový prùlom proti jeho centru. Myslím, ze je
na èase váznì zhodnotit ambice bílého v celém systému s šachem na b5.}
15.exd5 ( 15.cxd5 exd5 16.Rc1 dxe4 17.Qxd7 Nxd7 18.Nxe4 Re8 19.Rfd1
Nf6 {=} {je prostì nic.} ) exd5 16.c5 ( 16.cxd5 {%05Také} Nb4
{=} {vede k mírovým výmìnám,} 17.d6 {?!} Rc6 $15 {
uz by se bílému mohlo vymstít. Bílý se snazí udrzet hru slozitejsí, ale jeho
pìšcová formace na dámském køídle velké perspektivy nenabízí.} )
Re8 17.Bf2 Rad8 18.Nd4 Qc7 {!} {
Nedává bílému èas na vyspravení dìravého trojúhelníku a5-b4-c5. Bílý se z
nièeho nic ocitl pøed nároènými úkoly, pìšec c5 je reálnì ohrozen, dohled vyzaduje oslabené dámské køídlo i volný sloupec e.}
19.Nxc6 {?} {
Tìzký strategický omyl. Bílý tento víkend zøejmì nebyl ve své kùzi. Výmìna
èerného zbavuje starostí o pìšce d5 a otevírá èerným vìzím sùlezitý sloupec b.
Hra po hlavní èerné diagonále rozhodnì není pøimìøenou protihodnotou. Bílý se
mìl spíše zamìøit na opevòování blokádového pole d4 postupem}
{%05'passed pawn'} ( 19.Nce2 Nd7 20.Rc1 {=} {, to by snad mìlo drzet v pozici rovnováhu, i kdyz iniciativu má v rukách èerný.}
) bxc6 20.Bd4 {Blokádu bílý pustit nesmí, tøeba} ( 20.b4 {?!}
d4 {!} ( 20...Ne4 {%02!?$17} ) 21.Ne2 d3 22.Nc3 ( 22.Ng3 Nd5
$17 ) d2 $17 {s hrozbou Jg4 vynese èernému znaènou výhodu.} )
a5 {!$15} {
Znehybnìní slabiny je vdìèný strategický motiv. Pìšec b3 je odsouzen k pomalému
umírání. Bílý nemá zádnou protihru, takovou výhodu hráèi svìtové špièky nepouštìjí.}
21.Ra2 Rb8 22.Ne2 Qb7 23.Qa1 Nh5 ( 23...Qxb3 {?} 24.Nc1 {èerný nepøehlédne, nemá kam spìchat.}
) 24.Rb1 Qb4 {!} {Nutí k dalšímu zjednodušení, které zvýrazní výhodu èerného.}
25.Bxg7 Nxg7 26.Qc3 Ne6 $17 27.Rc2 Qxc3 28.Rxc3 Rb4 {Bylo by kruté navrhnout bílému okamzitou kapitulaci? Bránit takovou pozici je utrpení, šance, ze se èerný splete, je mizivá.}
29.Nc1 Reb8 30.Ra1 {Kromì pìšcù c5 a b3 teï visel i pìšec a4.}
d4 {!} 31.Rc2 Rd8 {Èerný vzornì manévruje, støídá hrozby slabým bílým pìšcùm a tiskne bílého stále více do provazù.}
32.Kf2 d3 {Sklízet ovoce mùze èerný i bez pomoci svého krále.}
33.Rd2 ( 33.Rc3 d2 34.Nd3 Rbd4 35.Ke3 Nxc5 $19 ) Nxc5 34.Raa2
Rd5 35.Ke3 f5 36.g3 ( 36.Nxd3 {?} Rxb3 $19 ) Nxb3 37.Nxb3 Rxb3
38.Rab2 Rxb2 39.Rxb2 d2 {!} 40.Rxd2 Rxd2 41.Kxd2 Kf7 0-1

[Event "CZE chT 2007/2008"]
[Site ""]
[Date "2007.12.01"]
[Round "3.4"]
[White "Velicka Petr"]
[Black "Vokac Marek"]
[Result "1/2-1/2"]
[WhiteElo "2519"]
[BlackElo "2416"]
[Annotator "Vokac,Marek"]
[Source "Bulletin"]
[Remark ""]

1.e4 c5 2.Nf3 d6 3.Bb5+ Bd7 4.Bxd7+ Qxd7 5.c4 Nf6 6.Nc3 Nc6 7.O-O
e6 8.d4 cxd4 9.Nxd4 Be7 10.Be3 O-O 11.Qe2 a6 12.f4 Rac8 13.Rac1
Rfe8 14.Kh1 Qc7 15.b3 Nd7 16.Rfd1 Bf8 17.Nf3 Nc5 18.Bxc5 dxc5
19.e5 Red8 20.Rxd8 Rxd8 21.Rd1 Rxd1+ 22.Qxd1 f6 23.f5 {!$14}
Nxe5 24.fxe6 Nc6 25.g3 Qe7 26.Qd5 Nd8 27.Na4 Nxe6 28.Nxc5 Qxc5
29.Qxe6+ Kh8 30.Kg2 Qe7 31.Nd4 g6 32.g4 Qd8 33.Qd5 Qxd5+ 34.cxd5
Kg8 35.Ne6 Be7 36.Kf3 Kf7 37.Ke4 Ke8 38.h3 Ba3 39.h4 Ke7 40.h5
Bd6 41.hxg6 hxg6 42.a4 Kd7 43.Kd4 Ke7 44.Kc4 f5 1/2-1/2

[Event "Hastings 9798"]
[Site ""]
[Date "1998.01.06"]
[Round "8"]
[White "Rozentalis Eduardas"]
[Black "Rausis Igors"]
[Result "1-0"]
[WhiteElo "2645"]
[BlackElo "2490"]
[Annotator "Har Zvi"]
[Source "CBM 063"]
[Remark ""]

1.e4 c5 2.Nf3 d6 3.d4 cxd4 4.Qxd4 Nc6 5.Bb5 Bd7 6.Bxc6 Bxc6 7.c4
Nf6 8.Nc3 g6 9.O-O Bg7 10.Qd3 O-O 11.Nd4 {
there should not be special advantage for white in this position the maximum he
can get is a slightly  better position,but this position is on the other hand
very nice for white since he has space advantage,and really his chances to
stand worse here are almost zero.this is a metter of taste I for example like
very much to play this type of position some other players maybe like it less}
Qb6 ( 11...Nd7 12.b3 Re8 13.Bb2 Nc5 14.Qe3 Qb6 15.Rfd1 a5 16.Rab1
a4 17.Nd5 Bxd5 18.exd5 axb3 19.axb3 Ra2 20.Bc3 $14 {½-½ Almasi,Z-Anka,E/Zalakaros op 1992/EXT 92op (78)}
) ( 11...Rc8 12.b3 Qd7 ( 12...a6 13.Be3 Qa5 14.f3 Nd7 15.Rac1
e6 16.Rfd1 Rfd8 17.Qd2 $14 {1-0 Grischuk,A-Kamiljanov,T/RUS-Cup2 1996/EXP 56 (33)}
) 13.Bb2 e6 14.Rad1 Rfd8 15.Rfe1 a6 16.Nxc6 Qxc6 17.Re2 Ne8 18.Rc2
$14 {1-0 Watson,W-King,D/Kilkenny op 1996/EXP 55 (32)} ) 12.Rd1
( 12.Ndb5 a6 13.Be3 Qd8 14.Nd4 Ng4 15.Bd2 Qb6 16.Nxc6 bxc6 17.Qe2
Ne5 {½-½ Andersson,U-Benko,P/Las Palmas 1972/MCD-r7} ) Ng4 13.Qd2
e6 {?!} {I do not like this move very much weakening the "d6" pawn}
( 13...Qc5 14.h3 Nf6 15.Qd3 Nd7 16.b3 Rac8 17.Be3 Qe5 18.f3 a6
19.Rac1 Qa5 20.Qd2 $14 {0-1 De la Villa Garcia,J-Vazquez,R/Palma de Mallorca op 1991/EXT 97 (51)}
) ( 13...Bxd4 14.Qxd4 Qxd4 15.Rxd4 $14 ) 14.b3 Nf6 15.Nxc6 Qxc6
16.f3 $14 {
now there are no questions,white is slightly better with very easy game,now we
say the price black has to play for his move "e6"} b5
( 16...d5 {!?} 17.exd5 ( 17.Ba3 Rfc8 ) ( 17.e5 Nd7 18.f4 g5 {%02!?$131}
) Nxd5 $131 ( 17...exd5 18.cxd5 Qc5+ 19.Qe3 Rfc8 20.Qxc5 Rxc5
21.Bb2 Nxd5 {=} ) ) ( 16...Rfd8 17.Bb2 $14 ) 17.cxb5
( 17.Nxb5 Nxe4 ) Qc5+ 18.Qe3 $7 ( 18.Kh1 Ng4 {!} 19.fxg4 Bxc3
20.Ba3 Qe5 ( 20...Qxa3 21.Qxc3 ) 21.Bxd6 Qh8 22.Qc1 Bxa1 23.Qxa1
( 23.Bxf8 {??} Bb2 ) Qxa1 24.Rxa1 Rfc8 ) Rfc8 ( 18...Nd5 19.exd5
Bxc3 20.Rb1 exd5 ( 20...e5 {%03'better is'} ) 21.Qxc5 dxc5 22.Rxd5
Bd4+ 23.Kf1 $16 ) 19.Qxc5 Rxc5 20.Bb2 Ne8 ( 20...Nh5 21.Na4 Bxb2
22.Nxb2 d5 23.exd5 exd5 24.Na4 $14 ( 24.Rac1 {!?} ) Rc2 $131 )
21.Rac1 Bh6 ( 21...Rac8 {!?} 22.Na4 Rc2 23.Rxc2 Rxc2 24.Bxg7
Kxg7 25.Ra1 {%15LD(b5:b6)} {and despite the white's passive pieces,a pawn is  a pawn!}
) 22.Rb1 Bg7 23.Na4 Rxb5 24.Ba3 ( 24.Bxg7 Kxg7 25.Rbc1 $14 {%04/=} )
Bf8 ( 24...Rc8 25.Bxd6 Nxd6 26.Rxd6 {with just a pawn up} )
( 24...Be5 {!?} 25.Rbc1 ) ( 24...d5 25.exd5 exd5 ( 25...Rxd5
26.Rxd5 exd5 27.Rd1 Rd8 28.Bc5 $14 ) 26.Rbc1 $14 ) 25.Rbc1 $14
f5 ( 25...Rab8 ) 26.Rc6 {white is better here,he has the control over the important "c" file and has pressure on black's  "d6" pawn}
Be7 ( 26...fxe4 27.fxe4 Rab8 $14 ) ( 26...Kf7 {!?} ) 27.Nb2 {?!}
( 27.Nc3 Rb6 28.Rxb6 axb6 29.Bb4 {%15LD(a2:a4) LD(c3:b5)} ) Rb6
28.Rc2 Kf7 ( 28...Ra6 29.Nc4 fxe4 30.fxe4 Rc8 $13 ) 29.Nc4 Rc6
( 29...Ra6 30.g4 $14 ) 30.Rcd2 ( 30.g4 {!?} {this immediately was a strong move,white played it two moves later,and this movegave him clear advantage}
fxe4 31.fxe4 ) Rd8 31.Bb4 {black's pieces really can not move he must defend his "d" pawn when all white has to do is to find a plan,32.g4 is a good one}
Kf8 32.a3 {do not hurry,black is going nowhere,white improves his position to it's maximum}
( 32.g4 ) Ra6 33.g4 {!$16} fxe4 ( 33...f4 {%03'better is'} )
34.fxe4 Kg7 35.Rd3 ( 35.e5 Bg5 ) Rc6 {?} {
a decisive mistake losing immediately,probably in a time trouble,black paid no
attention to white's last  move,a simple move moving the rook from "d2" to "d3"
but now after "e5" black does not have a move with his bishop since Bg5 attacks nothing!}
( 35...Rd7 ) 36.e5 $18 Rd7 37.exd6 Bf6 38.g5 1-0

[Event "Pardubice Czech open-A"]
[Site ""]
[Date "2006.07.28"]
[Round "8.29"]
[White "Najer Evgeniy"]
[Black "Vokac Marek"]
[Result "1/2-1/2"]
[WhiteElo "2677"]
[BlackElo "2498"]
[Annotator "Vokac,Marek"]
[Source "The Week in Chess 612"]
[Remark ""]

1.e4 c5 2.Nf3 Nc6 3.Nc3 g6 4.d4 cxd4 5.Nxd4 Bg7 6.Be3 Nf6 7.Bc4
Qa5 8.O-O O-O 9.Bb3 d6 10.h3 {%041:47} Qh5 {%041:43} 11.Qd2
( 11.Qxh5 Nxh5 $14 ) Nxd4 {%041:15} ( 11...Bxh3 {!?} 12.gxh3
Qxh3 13.f3 Ng4 {!?} 14.Nxc6 ( 14.fxg4 Nxd4 $13 ) Nxe3 15.Nxe7+
Kh8 16.Qh2 Qxh2+ 17.Kxh2 Nxf1+ 18.Rxf1 Bxc3 19.bxc3 Rae8 $16 )
12.Bxd4 Be6 13.f4 {%041:34} a6 {%040:53} ( 13...Bxb3 14.axb3
a6 ) 14.Qe3 ( 14.Bxe6 fxe6 $14 ) Nd7 ( 14...Bxb3 15.axb3 Rac8
$14 ) 15.Bxg7 Kxg7 16.f5 {%041:06} Bxb3 {%040:39} 17.axb3 Qh6
18.Qd4+ Kg8 19.Nd5 Rae8 20.c3 {%040:40} ( 20.f6 Nxf6 21.Rxf6
Qg7 22.Nxe7+ Rxe7 23.Raf1 Re6 $14 ) ( 20.Qb4 {!} Nc5
( 20...Qg5 21.Qxb7 Nc5 22.Qa7 e6 $14 ) 21.e5 ) Qg7 {%040:30}
21.Qe3 {%040:22} Kh8 22.Rae1 Nf6 23.Re2 {%040:18} {?!}
( 23.fxg6 Nxd5 24.exd5 Qxg6 25.Qd4+ f6 ) Rg8 {%040:12} 24.b4
gxf5 {%040:10} 25.Nxf6 Qxf6 26.Rxf5 {'passed pawn'} Qg6
( 26...Qe6 27.Qd3 Rg7 ) 27.Qb6 f6 28.Qxb7 Qg3 29.Kh1 Qd3 30.Ref2
Rg3 31.R5f3 ( 31.Kh2 Reg8 $41 32.R5f3 Rxf3 33.gxf3
( 33.Rxf3 Qd2 34.Rg3 Qf4 $19 ) Qd1 34.Rg2 Qxf3 {=} ) Rxf3 32.Rxf3
Qe2 33.Rg3 ( 33.Kh2 Rg8 34.Rg3 Qf2 35.Rxg8+ Kxg8 36.Qc8+ $14 )
Rg8 34.Rxg8+ Kxg8 35.Kh2 Kf7 36.Qd5+ Kf8 37.Qa8+ Kf7 38.Qd5+
Kf8 39.b3 {%040:01} h5 {%040:05} 40.c4 h4 41.Qa8+ Kf7 42.Qd5+
Kf8 43.Qd4 Qe1 44.c5 Qg3+ 45.Kh1 Qe1+ 46.Kh2 Qg3+ 47.Kh1 Qe1+ 1/2-1/2

[Event "CZE-ch"]
[Site ""]
[Date "2003.02.22"]
[Round "5"]
[White "Navara David"]
[Black "Jirovsky Milos"]
[Result "0-1"]
[WhiteElo "2580"]
[BlackElo "2457"]
[Annotator "Vokac,Marek"]
[Source "CBM 094"]
[Remark ""]

1.e4 c5 2.Nf3 Nc6 3.d4 cxd4 4.Nxd4 g6 5.c4 Bg7 6.Be3 Nf6 7.Nc3
O-O 8.Be2 d6 9.O-O Bd7 10.Qd2 Nxd4 11.Bxd4 Bc6 12.f3 a5 13.b3
Nd7 14.Be3 Nc5 15.Rab1 Qb6 16.Rfc1 Rfc8 17.Rc2 Qb4 18.Qc1 Qb6
19.Kh1 Qd8 20.Nd5 {?!} Bxd5 21.cxd5 a4 {!} 22.b4 Nb3 {!!} 23.axb3
a3 {!$45} 24.Rc4 a2 25.Ra1 Rxc4 26.Bxc4 Qf8 27.Qd1 Bxa1 28.Qxa1
f5 29.Bd4 fxe4 30.fxe4 Qf4 31.Bh8 Kf7 32.Bc3 Qxe4 33.Qg1 Kg8
34.h3 Qc2 35.Ba1 Qd2 36.Kh2 Rf8 37.b5 Rf4 38.b6 Re4 39.Ba6 Re1
40.Qd4 Qxd4 41.Bxd4 a1Q 42.Bxa1 Rxa1 43.Bxb7 Rb1 44.Bc6 Rxb3
45.b7 Kg7 46.Kg1 Kf6 47.Kf2 Ke5 48.Ke2 Kf4 0-1